header

Give to get / a senior leader's guide to navigating corporate life (Record no. 257423)

MARC details
000 -LEADER
fixed length control field 00438nam a22001577a 4500
003 - CONTROL NUMBER IDENTIFIER
control field OSt
005 - DATE AND TIME OF LATEST TRANSACTION
control field 20250122161312.0
008 - FIXED-LENGTH DATA ELEMENTS--GENERAL INFORMATION
fixed length control field 181120b xxu||||| |||| 00| 0 eng d
020 ## - INTERNATIONAL STANDARD BOOK NUMBER
International Standard Book Number 9781619618299
040 ## - CATALOGING SOURCE
Transcribing agency RU
Original cataloging agency DLc
Language of cataloging eng
Modifying agency RU
Description conventions rda
050 ## - LIBRARY OF CONGRESS CALL NUMBER
Classification number HD57.7
Item number .A34 2018
100 ## - MAIN ENTRY--PERSONAL NAME
Personal name Vishal Agarwal
245 ## - TITLE STATEMENT
Title Give to get / a senior leader's guide to navigating corporate life
260 ## - PUBLICATION, DISTRIBUTION, ETC. (IMPRINT)
Name of publisher, distributor, etc Lioncrest Publishing
Date of publication, distribution, etc 2018
942 ## - ADDED ENTRY ELEMENTS (KOHA)
Source of classification or shelving scheme Library of Congress Classification
Koha item type Long Loan Books
Holdings
Withdrawn status Lost status Source of classification or shelving scheme Damaged status Not for loan Collection code Home library Current library Shelving location Date acquired Total Checkouts Full call number Barcode Date last seen Price effective from Koha item type
    Library of Congress Classification     Non-fiction Rongo University Library Rongo University Library General Stacks 20/11/2018   HD57.7 .A34 2018 201801554 20/11/2018 20/11/2018 Long Loan Books

© 2026 Rongo University
Contact us: librarian | system librarian | Rongo university